| 000 | 02237cam a22003734a 4500 | ||
|---|---|---|---|
| 001 | 83939 | ||
| 005 | 20230410103903.0 | ||
| 008 | 991104r20001999enk b 001 0 eng | ||
| 010 | _a 99057786 | ||
| 049 | _aGRAL | ||
| 050 | 1 | 4 |
_a416 DS 128.1 _bR454 2000 |
| 082 | 0 | 0 | _a956.04 |
| 245 | 0 | 0 |
_aRevisiting the Yom Kippur war / _ceditor, P.R. Kumaraswamy. |
| 260 |
_aLondon ; _aPortland, OR : _bFrank Cass, _c2000. |
||
| 300 |
_a249 p. ; _c25 cm. |
||
| 440 | 0 |
_aCass series--Israeli history, politics, and society, _x1368-4795 ; _v5 |
|
| 500 | _a"This group of studies first appeared in a special issue ... of Israel affairs 6/1 (Autumn 1999)"--T.p. verso. | ||
| 504 | _aIncludes bibliographical references and index. | ||
| 505 | 0 | 0 |
_tPreface / _rEfraim Karsh -- _tRevisiting the Yom Kippur War : introduction / _rP. R. Kumaraswamy -- _tIsrael's 1973 intelligence failure / _rUri Bar-Joseph -- _tThe 1973 Arab war coalition : aims, coherence,and gain-distribution / _rAvraham Sela -- _tOperational limitations of reserve forces : the lessons of the 1973 war / _rThe Yom Kippur War : diplomacy of war and peace / _rSimcha Dinitz -- _tThe Soviet Union and the Yom Kippur War / _rGalia Golan -- _tFrom crisis to change : the Israeli political elites and the 1973 war / _rGabriel Sheffer -- _tThe domestic fallout of the Yom Kippur War / _rSusan Hattis Rolef -- _tPerception, image formation and coping in the pre-crisis stage of the Yom Kippur War / _rGabriella Heichal -- _tThe Air Force and the Yom Kippur War : new lessons / _rShmuel L. Gordon. |
| 650 | 0 | _aIsrael-Arab War, 1973. | |
| 650 | 0 |
_aIsrael-Arab War, 1973 _xInfluence. |
|
| 650 | 4 | _aLa guerra árabe-israelí, 1973 | |
| 650 | 4 |
_aLa guerra árabe-israelí, 1973 _xInfluencia. |
|
| 700 | 1 | _aKumaraswamy, P. R. | |
| 856 | 4 | 2 |
_3Publisher description _uhttp://www.loc.gov/catdir/enhancements/fy0652/99057786-d.html |
| 938 |
_aBaker and Taylor _bBTCP _n99057786 |
||
| 938 |
_aBaker & Taylor _bBKTY _c55.95 _d55.95 _i0714650072 _n0003347109 _sactive |
||
| 938 |
_aBaker & Taylor _bBKTY _c53.95 _d53.95 _i0714680672 _n0003347110 _sactive |
||
| 938 |
_aYBP Library Services _bYANK _n1604544 |
||
| 938 |
_aIngram _bINGR _n9780714680675 |
||
| 942 |
_2lcc _cbk |
||
| 946 | _arpeña | ||
| 994 |
_aC0 _bDRFGD |
||
| 999 |
_c27776 _d27776 |
||